Southville International School and Colleges
Your cart is empty.
  • Cart
  • Lists
    Public lists Eva Luna New books Lux_list list_1
    Your lists Log in to create your own lists
  • Log in to your account
  • Your cookies
  • Search history
Southville International School and Colleges
  • Advanced search
  • Recent comments
  • Most popular
  • Libraries

Log in to your account

Log in with GOOGLE


If you do not have an external account, but do have a local account, you can still log in:

  1. Home
  2. MARC view: Bayanihan :
Normal view MARC view ISBD view

Bayanihan : (Record no. 293374)

[ view plain ]
MARC details
000 -LEADER
fixed length control field 00750nam a2200277Ia 4500
003 - CONTROL NUMBER IDENTIFIER
control field SMC
005 - DATE AND TIME OF LATEST TRANSACTION
control field 20170131154439.0
008 - FIXED-LENGTH DATA ELEMENTS--GENERAL INFORMATION
fixed length control field 160418s9999 xx 000 0 und d
020 ## - INTERNATIONAL STANDARD BOOK NUMBER
International Standard Book Number 971-27-1480-2
050 ## - LIBRARY OF CONGRESS CALL NUMBER
Classification number REF GV 1703.P5
050 ## - LIBRARY OF CONGRESS CALL NUMBER
Item number .S26 2004
100 ## - MAIN ENTRY--PERSONAL NAME
Personal name Santos, Isabel A.
245 ## - TITLE STATEMENT
Title Bayanihan :
245 ## - TITLE STATEMENT
Remainder of title the national dance company of the Philippines : a memory of six continents /
245 ## - TITLE STATEMENT
Statement of responsibility, etc Isabel A. Santos.
260 ## - PUBLICATION, DISTRIBUTION, ETC. (IMPRINT)
Place of publication, distribution, etc Pasig City:
260 ## - PUBLICATION, DISTRIBUTION, ETC. (IMPRINT)
Name of publisher, distributor, etc Anvil Pub. Inc.,
260 ## - PUBLICATION, DISTRIBUTION, ETC. (IMPRINT)
Date of publication, distribution, etc 2004
300 ## - PHYSICAL DESCRIPTION
Extent 210 pages :
300 ## - PHYSICAL DESCRIPTION
Other physical details color illustrations. ;
300 ## - PHYSICAL DESCRIPTION
Dimensions 23 cm.
650 ## - SUBJECT ADDED ENTRY--TOPICAL TERM
Topical term or geographic name as entry element Folk dancing -- Philippines.
650 ## - SUBJECT ADDED ENTRY--TOPICAL TERM
General subdivision Bayanihan Philippines Dance Company.
650 ## - SUBJECT ADDED ENTRY--TOPICAL TERM
General subdivision Sports.
942 ## - ADDED ENTRY ELEMENTS (KOHA)
Source of classification or shelving scheme Library of Congress Classification
Koha item type Books
Holdings
Withdrawn status Lost status Source of classification or shelving scheme Damaged status Home library Current library Shelving location Date acquired Source of acquisition Total Checkouts Full call number Barcode Date last seen Price effective from Koha item type
    Library of Congress Classification   South Mansfield College South Mansfield College Reference Section 07/14/2005 Donation   REF GV 1703.P5 .S26 2004 SMC02735 04/18/2016 04/18/2016 Books

Bayanihan :

APA

Santos I. A., .Bayanihan. Pasig City: .

Chicago

Santos Isabel A, .Bayanihan. Pasig City: .

Harvard

Santos I. A., .Bayanihan. Pasig City: .

MLA

Santos Isabel A, .Pasig City: . .

  • Place hold
  • Print
  • Cite
  • Add to your cart (remove)
  • Save record
    BIBTEX Dublin Core MARCXML MARC (non-Unicode/MARC-8) MARC (Unicode/UTF-8) MARC (Unicode/UTF-8, Standard) MODS (XML) RIS
  • More searches
    Search for this title in:
    Other Libraries (WorldCat) Other Databases (Google Scholar) Online Stores (Bookfinder.com) Open Library (openlibrary.org)

Exporting to Dublin Core...

SOUTHVILLE LIBRARY

Southville International School and Colleges Library

1281 Tropical Ave. Cor. Luxembourg St., BF Homes International, Las Pinas City

Tel. No. 8256374 / 252358 Loc. 117/146

Powered by Koha